Sports Quiz

Random Sports Quiz
Score 0/27 Timer 10:00
0 Plays Today
% Correct
Aduriz
86%
Dinamarca
81.4%
Blatter
76.7%
Feo
74.4%
Etoo
74.4%
conocido
72.1%
Italia
67.4%
Huevos
65.1%
Kevin Roldan
55.8%
Santo
53.5%
Gravesinha.
51.2%
Lotina
51.2%
ole
51.2%
Uruguay
51.2%
% Correct
Tamudo
51.2%
Yaya
51.2%
manita
48.8%
pachanga
48.8%
rabona
48.8%
Queretaro
46.5%
Valderrama
46.5%
Jemez
44.2%
Xavi
44.2%
Niño
37.2%
Woodgate
34.9%
Nolito
27.9%
Zola
23.3%
Come Together.
Have Fun.
All Virtual.
We all need to come together. Play Sporcle's virtual live trivia to have fun, connect with people, and get your trivia on. Join a live hosted trivia game for your favorite pub trivia experience done virtually. If a virtual private party is more your thing, go here for details.

You're not logged in!

Compare scores with friends on all Sporcle quizzes.
OR
Log In

Sporcle TV

Today on Sporcle TV


Watch our educational content, quiz creation guides, and fun videos on Sporcle TV.

Show Comments

Extras

Created Jan 28, 2016ReportNominate
Tags:Van, Version

Top Quizzes Today


Score Distribution

Paid Content

Your Account Isn't Verified!

In order to create a playlist on Sporcle, you need to verify the email address you used during registration. Go to your Sporcle Settings to finish the process.

Report this User

Report this user for behavior that violates our Community Guidelines.

Details: